000 00668nam a22002417a 4500
003 UA-OsUOA
001 31078
007 ta
008 20041201b un ||||| |||| 00| 0 ukr d
100 _aКозак Д. Н.
090 _a902(477)
_bК59
942 _cBK
040 _aUA-OsUOA
_bukr
_cUA-OsUOA
_dUA-OsUOA
245 _aПшеворська культура у Верхньому Подністров'ї і Західному Побужжі
300 _a94 с.
_bІлюстрації
955 _a0
041 _aukr
080 _a902(477)
260 _aКиїв
_bНаукова думка
_c1984
044 _aUA
650 7 _2UDC
999 _c317499
_d317499